| 000 | 00349nam a2200145 a 4500 | ||
|---|---|---|---|
| 001 | 1948 | ||
| 003 | CDMR | ||
| 005 | 20151022114202.0 | ||
| 008 | 130130s1986||||||||||||||||||||||||||||d | ||
| 040 |
_aCDMR _bcat _cCDMR |
||
| 110 | 2 |
_91452 _aUnesco |
|
| 245 | 1 | 3 | _aLa comunicación al servicio de la mujer |
| 260 |
_aParÃs _c1986 _bUNESCO |
||
| 942 |
_cMON _2udc |
||
| 999 |
_c1948 _d1948 |
||